Responses for Show #2105 - Friday, October 29, 1993

Contestants

[<< previous game]

Steven McKenna, a director of banquets originally from Holyoke, Massachusetts

Danila Oder, a secretary from Los Angeles, California

Kathleen Shilkret, a public relations officer originally from Philadelphia, Pennsylvania (whose 2-day cash winnings total $19,901)

[next game >>]

Jeopardy! Round responses

OCTOBER 31
THE SUPERNATURAL
CEMETERIES
BATS
"MAD"
SCIENTISTS
    $100 13
Persia

Kathleen
    $100 1
vampires

Steven
    $100 5
Arlington

Steven
    $100 7
night

Kathleen
    $100 8
Mad Max

Kathleen
    $100 22
Galileo

Danila
    $200 18
Harry Houdini

Steven
    $200 2
the sixth sense

Steven
    $200 27
Paris

Steven
    $200 10
mosquitoes

Steven
    $200 9
the Mad Hatter

Steven
    $200 23
the canals

Steven
    $300 15
Martin Luther

Danila
    $300 3
a ghost

Kathleen
    $300 28
Westminster Abbey

Triple Stumper
    $300 11
rabies

Danila
    $300 19
the Mad Monk

Steven
    $300 24
(Danila: What is shortwave?)

FM (frequency modulation)

Danila
Triple Stumper
    $400 16
Indira Gandhi

Triple Stumper
    $400 4
the astral body

Danila
    $400 29
(Alex: Cemetery is very well known in poetry, particularly [*].)

Flanders Fields

Triple Stumper
    $400 12
happiness

Danila
    $400 20
Mad About You

Steven
    $400 25
Ptolemy

Danila
    $500 17
Victor Emmanuel

Kathleen
    $500 6
seventh

Steven
    $500 30
Boot Hill

Steven
    $500 14
the flying mouse

Danila
    $500 21
don't get mad, get even

Danila
    $300 26
(Danila: What is adrenaline?)
(Alex: No. Diabetics the world over are grateful to their work in coming up with [*]. [*].)

insulin

Danila

Scores at the first commercial break (after clue 16):

Kathleen Danila Steven
$600 $1,900 $1,300

Scores at the end of the Jeopardy! Round:

Kathleen Danila Steven
$1,100 $2,300 $3,100

Double Jeopardy! Round responses

U.S. PRESIDENTS
COMPOSERS
RADIO COMEDY
BUSINESS BIGGIES
AUTHORS
SOUP ORIGINS
    $200 16
Abraham Lincoln

Kathleen
    $200 17
(Johann) Strauss (Jr.)

Steven
    $200 6
Rochester

Danila
    $200 11
Nutrasweet

Kathleen
    $200 22
Edgar Allan Poe

Steven
    $200 1
(Danila: What is pasta & Bean soup?)
...
(Alex: I didn't explain, but SOUP ORIGINS would indicate that—Steven?)
(Steven: What is [*]?)
(Alex: [*], yes. The category's about SOUP ORIGINS, so we don't need to know what the ingredients are.)

Italy

DanilaSteven
    $400 18
Harry Truman

Kathleen
    $200 27
Salieri

Steven
    $400 7
Charlie McCarthy

Kathleen
    $400 12
Heinz

Kathleen
    $400 23
Zane Grey

Steven
    $400 2
Spain

Steven
    $600 19
Cleveland

Steven
    $600 28
Brazil

Kathleen
    $600 8
Fibber McGee & Molly

Kathleen
    $600 13
Wisk

Kathleen
    $600 24
Australia

Kathleen
    $600 3
China

Danila
    $800 20
McKinley

Steven
    $800 29
Schubert

Kathleen
    $800 9
Amos 'n' Andy

Danila
    $800 14
General Motors

Danila
    $800 25
(Danila: Um...)
(Alex: Oh, that's too bad.)
(Danila: Who is Rex Stout?)

Erle Stanley Gardner

KathleenDanila
    $800 4
Japan

Danila
    $1,300 21
Herbert Hoover

Steven
    $1000 30
(Richard) Wagner

Danila
    $1000 10
Fred Allen

Kathleen
    $1000 15
J.C. Penney

Steven
    $1000 26
William Faulkner

Steven
    $1000 5
Greece

Danila

Scores at the end of the Double Jeopardy! Round:

Kathleen Danila Steven
$7,700 $6,500 $9,400

[wagering suggestions for these scores]

Final Jeopardy! Round responses

SPORTS FIGURES
DanilaWho is was Joe Louis?
$6,400
KathleenWho was Joe Louis
$3,999
StevenWho was Joe Louis
$6,001
Joe Louis

Final scores:

Kathleen Danila Steven
$11,699 $12,900 $15,401
3rd place: Vivitar 440PZ camera + Wheel of Fortune & Jeopardy! games for the Super Nintendo & Sega Genesis 2nd place: trip to Reno, Nevada New champion: $15,401

Game dynamics:

Coryat scores:

Kathleen Danila Steven
$7,700 $6,800 $9,300
17 R,
0 W
15 R,
4 W
(including 1 DD)
23 R
(including 2 DDs),
0 W

Combined Coryat: $23,800

[game clues] [game scores] [suggest correction]

Game tape date: 1993-08-24
The J! Archive is created by fans, for fans. Scraping, republication, monetization, and malicious use prohibited; this site may use cookies and collect identifying information. See terms. The Jeopardy! game show and all elements thereof, including but not limited to copyright and trademark thereto, are the property of Jeopardy Productions, Inc. and are protected under law. This website is not affiliated with, sponsored by, or operated by Jeopardy Productions, Inc. Join the discussion at JBoard.tv.